[Event "European Women's Chess Club Cup 2023"]
[Site "Durres, Albania"]
[Date "2023.10.05"]
[Round "5.3"]
[White "Jarocka, Liwia"]
[Black "Cyfka, Karina"]
[Result "1/2-1/2"]
[TimeControl "90' + 30' & 30\""]
[WhiteElo "2208"]
[BlackElo "2350"]

1. e4 {[%clk 01:30:57]} {[%emt 00:00:02]} e5 {[%clk 01:30:51]} {[%emt
00:00:09]} 2. Nf3 {[%clk 01:31:23]} {[%emt 00:00:05]} Nc6 {[%clk 01:31:05]}
{[%emt 00:00:15]} 3. Bb5 {[%clk 01:31:42]} {[%emt 00:00:11]} a6 {[%clk
01:31:28]} {[%emt 00:00:09]} 4. Ba4 {[%clk 01:32:06]} {[%emt 00:00:06]} Nge7
{[%clk 01:31:28]} {[%emt 00:00:29]} 5. Nc3 {[%clk 01:31:57]} {[%emt 00:00:40]}
Ng6 {[%clk 01:29:17]} {[%emt 00:02:41]} 6. h4 {[%clk 01:29:42]} {[%emt
00:02:45]} d6 {[%clk 01:19:42]} {[%emt 00:10:05]} 7. h5 {[%clk 01:25:13]}
{[%emt 00:05:00]} Nf4 {[%clk 01:18:12]} {[%emt 00:01:59]} 8. d4 {[%clk
01:08:53]} {[%emt 00:16:51]} b5 {[%clk 00:54:10]} {[%emt 00:24:32]} 9. Bxf4
{[%clk 01:06:48]} {[%emt 00:02:34]} bxa4 {[%clk 00:50:14]} {[%emt 00:04:26]} 10.
dxe5 {[%clk 01:06:35]} {[%emt 00:00:43]} a3 {[%clk 00:50:40]} {[%emt 00:00:04]}
11. bxa3 {[%clk 01:04:56]} {[%emt 00:02:09]} dxe5 {[%clk 00:45:37]} {[%emt
00:05:33]} 12. Qxd8+ {[%clk 01:05:02]} {[%emt 00:00:24]} Nxd8 {[%clk 00:46:03]}
{[%emt 00:00:04]} 13. Bxe5 {[%clk 01:04:18]} {[%emt 00:01:15]} c6 {[%clk
00:37:22]} {[%emt 00:09:11]} 14. Na4 {[%clk 00:56:50]} {[%emt 00:07:58]} Bg4
{[%clk 00:31:42]} {[%emt 00:06:09]} 15. h6 {[%clk 00:54:42]} {[%emt 00:02:38]}
f6 {[%clk 00:31:53]} {[%emt 00:00:19]} 16. hxg7 {[%clk 00:55:00]} {[%emt
00:00:13]} Bxg7 {[%clk 00:32:19]} {[%emt 00:00:03]} 17. Bb2 {[%clk 00:55:15]}
{[%emt 00:00:15]} Rb8 {[%clk 00:22:13]} {[%emt 00:10:36]} 18. Nd2 {[%clk
00:48:16]} {[%emt 00:07:29]} O-O {[%clk 00:18:55]} {[%emt 00:03:48]} 19. Nb3
{[%clk 00:48:15]} {[%emt 00:00:31]} Nf7 {[%clk 00:17:11]} {[%emt 00:02:14]} 20.
f3 {[%clk 00:47:59]} {[%emt 00:00:47]} Bc8 {[%clk 00:17:21]} {[%emt 00:00:19]}
21. O-O-O {[%clk 00:45:53]} {[%emt 00:02:36]} Ne5 {[%clk 00:13:26]} {[%emt
00:04:25]} 22. Bc3 {[%clk 00:38:32]} {[%emt 00:07:50]} Nc4 {[%clk 00:11:42]}
{[%emt 00:02:14]} 23. Bb4 {[%clk 00:35:18]} {[%emt 00:03:43]} Re8 {[%clk
00:11:08]} {[%emt 00:01:04]} 24. Nac5 {[%clk 00:24:02]} {[%emt 00:11:46]} f5
{[%clk 00:10:32]} {[%emt 00:01:06]} 25. exf5 {[%clk 00:20:08]} {[%emt
00:04:24]} a5 {[%clk 00:05:45]} {[%emt 00:05:17]} 26. Bxa5 {[%clk 00:17:50]}
{[%emt 00:02:49]} Bxf5 {[%clk 00:04:46]} {[%emt 00:01:28]} 27. Bb4 {[%clk
00:12:47]} {[%emt 00:05:34]} Re2 {[%clk 00:03:48]} {[%emt 00:01:28]} 28. Ne4
{[%clk 00:10:43]} {[%emt 00:02:33]} Rxg2 {[%clk 00:02:17]} {[%emt 00:02:02]} 29.
Rdg1 {[%clk 00:10:04]} {[%emt 00:01:09]} Rxg1+ {[%clk 00:02:19]} {[%emt
00:00:28]} 30. Rxg1 {[%clk 00:10:33]} Bg6 {[%clk 00:02:28]} {[%emt 00:00:21]}
31. Nbc5 {[%clk 00:04:44]} {[%emt 00:06:20]} Bb2+ {[%clk 00:01:47]} {[%emt
00:01:11]} 32. Kd1 {[%clk 00:05:02]} {[%emt 00:00:11]} Nxa3 {[%clk 00:01:51]}
{[%emt 00:00:26]} 33. Nd3 {[%clk 00:04:40]} {[%emt 00:00:52]} Nc4 {[%clk
00:01:56]} {[%emt 00:00:25]} 34. c3 {[%clk 00:02:53]} {[%emt 00:02:18]} Ba3
{[%clk 00:01:26]} {[%emt 00:01:00]} 35. Kc2 {[%clk 00:02:09]} {[%emt 00:01:14]}
Rd8 {[%clk 00:00:45]} {[%emt 00:01:10]} 36. Nf4 {[%clk 00:01:51]} {[%emt
00:00:49]} Kf7 {[%clk 00:00:34]} {[%emt 00:00:41]} 37. Nxg6 {[%clk 00:02:06]}
{[%emt 00:00:14]} hxg6 {[%clk 00:00:57]} {[%emt 00:00:06]} 38. Kb3 {[%clk
00:01:43]} {[%emt 00:00:54]} Bxb4 {[%clk 00:01:04]} {[%emt 00:00:24]} 39. cxb4
{[%clk 00:00:52]} {[%emt 00:01:20]} Ne5 {[%clk 00:01:19]} {[%emt 00:00:16]} 40.
Nc5 {[%clk 00:01:02]} {[%emt 00:00:19]} Kf6 {[%clk 00:01:11]} {[%emt 00:00:38]}
41. f4 {[%clk 00:00:32]} {[%emt 00:01:01]} Nf3 {[%clk 00:01:12]} {[%emt
00:00:30]} 42. Rg3 {[%clk 00:29:06]} {[%emt 00:01:53]} Nd4+ {[%clk 00:30:01]}
{[%emt 00:01:43]} 43. Kc4 {[%clk 00:27:35]} {[%emt 00:02:01]} Ne2 {[%clk
00:30:18]} {[%emt 00:00:14]} 44. Rd3 {[%clk 00:26:53]} {[%emt 00:01:11]} Ra8
{[%clk 00:29:34]} {[%emt 00:01:15]} 45. Rd6+ {[%clk 00:26:49]} {[%emt
00:00:35]} Kf5 {[%clk 00:29:12]} {[%emt 00:00:52]} 46. Rxc6 {[%clk 00:13:30]}
{[%emt 00:13:48]} Rxa2 {[%clk 00:29:06]} {[%emt 00:00:36]} 47. b5 {[%clk
00:12:38]} {[%emt 00:01:22]} Rc2+ {[%clk 00:28:15]} {[%emt 00:01:21]} 48. Kd3
{[%clk 00:12:10]} {[%emt 00:00:57]} Rb2 {[%clk 00:28:06]} {[%emt 00:00:39]} 49.
b6 {[%clk 00:12:19]} {[%emt 00:00:22]} Nxf4+ {[%clk 00:28:12]} {[%emt
00:00:25]} 50. Kc4 {[%clk 00:12:25]} {[%emt 00:00:23]} Rc2+ {[%clk 00:20:44]}
{[%emt 00:07:58]} 51. Kb3 {[%clk 00:11:04]} {[%emt 00:01:51]} Nd3 {[%clk
00:20:07]} {[%emt 00:01:07]} 52. b7 {[%clk 00:06:18]} {[%emt 00:05:16]} Nxc5+
{[%clk 00:13:13]} {[%emt 00:07:24]} 53. Rxc5+ {[%clk 00:06:25]} {[%emt
00:00:23]} Rxc5 {[%clk 00:13:40]} {[%emt 00:00:03]} 54. b8=Q {[%clk 00:06:47]}
{[%emt 00:00:08]} Re5 {[%clk 00:13:55]} {[%emt 00:00:14]} 55. Qf8+ {[%clk
00:07:02]} {[%emt 00:00:16]} Kg5 {[%clk 00:13:58]} {[%emt 00:00:26]} 56. Qd8+
{[%clk 00:06:51]} {[%emt 00:00:41]} Kf5 {[%clk 00:13:52]} {[%emt 00:00:37]} 57.
Qd7+ {[%clk 00:07:05]} {[%emt 00:00:17]} Kf6 {[%clk 00:13:35]} {[%emt
00:00:46]} 58. Kc4 {[%clk 00:07:08]} {[%emt 00:00:25]} Rf5 {[%clk 00:13:37]}
{[%emt 00:00:30]} 59. Qd8+ {[%clk 00:07:00]} {[%emt 00:00:38]} Kg7 {[%clk
00:13:15]} {[%emt 00:00:52]} 60. Kd4 {[%clk 00:06:56]} {[%emt 00:00:30]} Kh7
{[%clk 00:12:23]} {[%emt 00:01:25]} 61. Ke4 {[%clk 00:06:56]} {[%emt 00:00:30]}
Kg7 {[%clk 00:12:39]} {[%emt 00:00:15]} 62. Qh4 {[%clk 00:06:30]} {[%emt
00:00:53]} Rh5 {[%clk 00:12:08]} {[%emt 00:01:04]} 63. Qe7+ {[%clk 00:06:56]}
{[%emt 00:00:04]} Kg8 {[%clk 00:12:22]} {[%emt 00:00:16]} 64. Kf4 {[%clk
00:06:52]} {[%emt 00:00:33]} Rf5+ {[%clk 00:12:22]} {[%emt 00:00:31]} 65. Kg4
{[%clk 00:07:17]} {[%emt 00:00:04]} Kh8 {[%clk 00:12:38]} {[%emt 00:00:15]} 66.
Qd8+ {[%clk 00:07:14]} {[%emt 00:00:33]} Kg7 {[%clk 00:11:50]} {[%emt
00:01:17]} 67. Qh4 {[%clk 00:07:20]} {[%emt 00:00:24]} Rf7 {[%clk 00:11:05]}
{[%emt 00:01:16]} 68. Qg5 {[%clk 00:07:26]} {[%emt 00:00:22]} Rf5 {[%clk
00:11:21]} {[%emt 00:00:16]} 69. Qe7+ {[%clk 00:07:51]} {[%emt 00:00:05]} Kg8
{[%clk 00:10:34]} {[%emt 00:01:17]} 70. Qa7 {[%clk 00:06:46]} {[%emt 00:01:33]}
Kh8 {[%clk 00:10:15]} {[%emt 00:00:50]} 71. Qe3 {[%clk 00:06:54]} {[%emt
00:00:22]} Kg7 {[%clk 00:10:07]} {[%emt 00:00:38]} 72. Qd2 {[%clk 00:06:58]}
{[%emt 00:00:26]} Kh7 {[%clk 00:10:23]} {[%emt 00:00:14]} 73. Qb2 {[%clk
00:05:10]} {[%emt 00:02:18]} Kg8 {[%clk 00:10:37]} {[%emt 00:00:16]} 74. Qh2
{[%clk 00:05:07]} {[%emt 00:00:33]} Kg7 {[%clk 00:10:47]} {[%emt 00:00:20]} 75.
Qh1 {[%clk 00:04:55]} {[%emt 00:00:41]} Rf7 {[%clk 00:10:39]} {[%emt 00:00:39]}
76. Qh4 {[%clk 00:04:44]} {[%emt 00:00:38]} Rf5 {[%clk 00:10:11]} {[%emt
00:01:00]} 77. Qh2 {[%clk 00:05:05]} {[%emt 00:00:10]} Rf7 {[%clk 00:09:59]}
{[%emt 00:00:42]} 78. Qe5+ {[%clk 00:04:27]} {[%emt 00:01:08]} Kh7 {[%clk
00:09:58]} {[%emt 00:00:31]} 79. Qc3 {[%clk 00:04:06]} {[%emt 00:00:51]} Rf5
{[%clk 00:10:11]} {[%emt 00:00:17]} 80. Qb2 {[%clk 00:03:41]} {[%emt 00:00:55]}
Kg8 {[%clk 00:10:16]} {[%emt 00:00:25]} 81. Qh2 {[%clk 00:03:09]} {[%emt
00:01:02]} Kg7 {[%clk 00:10:22]} {[%emt 00:00:24]} 82. Qh1 {[%clk 00:03:16]}
{[%emt 00:00:23]} Rf7 {[%clk 00:10:44]} {[%emt 00:00:09]} 83. Qa1+ {[%clk
00:03:21]} {[%emt 00:00:25]} Kh7 {[%clk 00:11:05]} {[%emt 00:00:09]} 84. Qe5
{[%clk 00:03:34]} {[%emt 00:00:17]} Rf5 {[%clk 00:11:07]} {[%emt 00:00:28]} 85.
Qd4 {[%clk 00:03:18]} {[%emt 00:00:45]} Kg8 {[%clk 00:09:50]} {[%emt 00:01:48]}
86. Qd2 {[%clk 00:02:38]} {[%emt 00:01:09]} Kg7 {[%clk 00:10:05]} {[%emt
00:00:15]} 87. Qh2 {[%clk 00:02:32]} {[%emt 00:00:36]} Rf7 {[%clk 00:10:13]}
{[%emt 00:00:23]} 88. Qd6 {[%clk 00:02:21]} {[%emt 00:00:41]} Rf5 {[%clk
00:10:10]} {[%emt 00:00:33]} 89. Qe7+ {[%clk 00:02:25]} {[%emt 00:00:26]} Kg8
{[%clk 00:10:23]} {[%emt 00:00:17]} 90. Kh4 {[%clk 00:02:34]} {[%emt 00:00:20]}
Kh8 {[%clk 00:10:26]} {[%emt 00:00:27]} 91. Qe3 {[%clk 00:02:38]} {[%emt
00:00:26]} Kg7 {[%clk 00:10:35]} {[%emt 00:00:21]} 92. Kg4 {[%clk 00:02:53]}
{[%emt 00:00:15]} Kh7 {[%clk 00:10:45]} {[%emt 00:00:21]} 93. Qc1 {[%clk
00:02:42]} {[%emt 00:00:41]} Kg7 {[%clk 00:11:06]} {[%emt 00:00:08]} 94. Qh1
{[%emt 00:02:07]} Rf7 {[%emt 00:00:02]} 1/2-1/2

[Event "European Women's Chess Club Cup 2023"]
[Site "Durres, Albania"]
[Date "2023.10.05"]
[Round "5.4"]
[White "Caku, Kler"]
[Black "Bashylina, Luisa"]
[Result "0-1"]
[TimeControl "90' + 30' & 30\""]
[WhiteElo "1697"]
[BlackElo "2192"]

1. e4 {[%clk 01:30:58]} {[%emt 00:00:01]} c5 {[%clk 01:30:55]} {[%emt
00:00:05]} 2. Nf3 {[%clk 01:31:18]} {[%emt 00:00:10]} d6 {[%clk 01:31:21]}
{[%emt 00:00:04]} 3. Bb5+ {[%clk 01:31:41]} {[%emt 00:00:07]} Nd7 {[%clk
01:31:46]} {[%emt 00:00:05]} 4. O-O {[%clk 01:31:04]} {[%emt 00:01:07]} a6
{[%clk 01:32:12]} {[%emt 00:00:03]} 5. Bxd7+ {[%clk 01:30:06]} {[%emt
00:01:29]} Bxd7 {[%clk 01:32:34]} {[%emt 00:00:08]} 6. d3 {[%clk 01:29:10]}
{[%emt 00:01:26]} g6 {[%clk 01:30:43]} {[%emt 00:02:22]} 7. Be3 {[%clk
01:28:20]} {[%emt 00:01:19]} Bg7 {[%clk 01:28:44]} {[%emt 00:02:28]} 8. c3
{[%clk 01:27:24]} {[%emt 00:01:26]} Nf6 {[%clk 01:27:34]} {[%emt 00:01:41]} 9.
h3 {[%clk 01:25:37]} {[%emt 00:02:17]} O-O {[%clk 01:27:26]} {[%emt 00:00:37]}
10. Nbd2 {[%clk 01:23:25]} {[%emt 00:02:42]} Bc6 {[%clk 01:21:16]} {[%emt
00:06:41]} 11. Nh2 {[%clk 01:18:24]} {[%emt 00:05:31]} b5 {[%clk 01:13:40]}
{[%emt 00:08:05]} 12. f4 {[%clk 01:17:05]} {[%emt 00:01:50]} c4 {[%clk
01:11:36]} {[%emt 00:02:34]} 13. Qe2 {[%clk 01:11:21]} {[%emt 00:06:14]} cxd3
{[%clk 01:06:45]} {[%emt 00:05:21]} 14. Qxd3 {[%clk 01:11:31]} {[%emt
00:00:20]} b4 {[%clk 00:57:48]} {[%emt 00:09:27]} 15. c4 {[%clk 01:07:15]}
{[%emt 00:04:46]} Nd7 {[%clk 00:52:40]} {[%emt 00:05:38]} 16. Qc2 {[%clk
01:05:26]} {[%emt 00:02:19]} Qc7 {[%clk 00:47:48]} {[%emt 00:05:22]} 17. Rae1
{[%clk 01:02:42]} {[%emt 00:03:13]} Bb7 {[%clk 00:45:14]} {[%emt 00:03:04]} 18.
f5 {[%clk 00:57:31]} {[%emt 00:05:42]} Ne5 {[%clk 00:39:15]} {[%emt 00:06:28]}
19. Ng4 {[%clk 00:49:27]} {[%emt 00:08:35]} Nxg4 {[%clk 00:36:03]} {[%emt
00:03:42]} 20. hxg4 {[%clk 00:49:47]} {[%emt 00:00:10]} d5 {[%clk 00:34:40]}
{[%emt 00:01:53]} 21. exd5 {[%clk 00:47:08]} {[%emt 00:03:08]} Bxd5 {[%clk
00:34:50]} {[%emt 00:00:20]} 22. Qb3 {[%clk 00:39:09]} {[%emt 00:08:29]} Bc6
{[%clk 00:33:50]} {[%emt 00:01:30]} 23. Nf3 {[%clk 00:36:49]} {[%emt 00:02:51]}
Qg3 {[%clk 00:32:01]} {[%emt 00:02:19]} 24. Bc5 {[%clk 00:31:58]} {[%emt
00:05:21]} Rfd8 {[%clk 00:26:46]} {[%emt 00:05:45]} 25. Qe3 {[%clk 00:24:39]}
{[%emt 00:07:49]} Qxg4 {[%clk 00:24:10]} {[%emt 00:03:06]} 26. fxg6 {[%clk
00:22:20]} {[%emt 00:02:49]} hxg6 {[%clk 00:24:15]} {[%emt 00:00:24]} 27. Re2
{[%clk 00:17:40]} {[%emt 00:05:10]} Bxf3 {[%clk 00:20:33]} {[%emt 00:04:13]} 28.
Qxf3 {[%clk 00:14:18]} {[%emt 00:03:52]} Qxc4 {[%clk 00:20:00]} {[%emt
00:01:02]} 29. Bxe7 {[%clk 00:14:10]} {[%emt 00:00:39]} Re8 {[%clk 00:17:21]}
{[%emt 00:03:08]} 30. b3 {[%clk 00:08:35]} {[%emt 00:06:05]} Qd4+ {[%clk
00:17:39]} {[%emt 00:00:12]} 31. Kh1 {[%clk 00:07:06]} {[%emt 00:02:00]} Rxe7
{[%clk 00:12:57]} {[%emt 00:05:11]} 32. Rxe7 {[%clk 00:05:12]} {[%emt
00:02:25]} Qh4+ {[%clk 00:13:11]} {[%emt 00:00:16]} 33. Kg1 {[%clk 00:05:29]}
{[%emt 00:00:13]} Bd4+ {[%clk 00:13:05]} {[%emt 00:00:35]} 34. Re3 {[%clk
00:03:13]} {[%emt 00:02:46]} Rf8 {[%clk 00:11:55]} {[%emt 00:01:40]} 35. Rf2
{[%clk 00:01:57]} {[%emt 00:01:47]} Qg5 {[%clk 00:09:05]} {[%emt 00:03:20]} 36.
Re1 {[%clk 00:01:47]} {[%emt 00:00:39]} Qd2 {[%clk 00:06:36]} {[%emt 00:02:59]}
37. Ree2 {[%clk 00:01:17]} {[%emt 00:01:01]} Qc1+ {[%clk 00:03:32]} {[%emt
00:03:34]} 38. Kh2 {[%clk 00:01:41]} {[%emt 00:00:06]} Qh6+ {[%clk 00:02:21]}
{[%emt 00:01:40]} 39. Qh3 {[%clk 00:00:50]} {[%emt 00:01:21]} Qxh3+ {[%clk
00:02:31]} {[%emt 00:00:21]} 40. Kxh3 {[%clk 00:01:15]} {[%emt 00:00:06]} Bxf2
{[%clk 00:02:51]} {[%emt 00:00:10]} 41. Rxf2 {[%clk 00:01:39]} {[%emt
00:00:06]} Rd8 {[%clk 00:00:32]} {[%emt 00:02:49]} 42. Rf6 {[%clk 00:29:04]}
{[%emt 00:03:05]} a5 {[%clk 00:30:44]} {[%emt 00:00:18]} 43. Ra6 {[%clk
00:29:21]} {[%emt 00:00:12]} Rd5 {[%clk 00:31:09]} {[%emt 00:00:06]} 44. Kg3
{[%clk 00:29:02]} {[%emt 00:00:49]} Kg7 {[%clk 00:31:12]} {[%emt 00:00:28]} 45.
Kf3 {[%clk 00:28:12]} {[%emt 00:01:20]} Rf5+ {[%clk 00:30:06]} {[%emt
00:01:36]} 46. Kg3 {[%clk 00:28:19]} {[%emt 00:00:23]} Kh6 {[%clk 00:29:42]}
{[%emt 00:00:54]} 47. Ra7 {[%clk 00:28:05]} {[%emt 00:00:43]} Kg5 {[%clk
00:28:06]} {[%emt 00:02:06]} 48. Rc7 {[%clk 00:25:39]} {[%emt 00:02:56]} Kf6
{[%clk 00:26:51]} {[%emt 00:01:45]} 49. Rc6+ {[%clk 00:25:54]} {[%emt
00:00:15]} Ke5 {[%clk 00:27:15]} {[%emt 00:00:06]} 50. Rc4 {[%clk 00:21:02]}
{[%emt 00:05:22]} Kd5 {[%clk 00:26:28]} {[%emt 00:01:17]} 51. Rc8 {[%clk
00:15:51]} {[%emt 00:05:41]} Kd4 {[%clk 00:25:54]} {[%emt 00:01:03]} 52. Rc7
{[%clk 00:15:37]} {[%emt 00:00:45]} Rc5 {[%clk 00:21:44]} {[%emt 00:04:40]} 53.
Rxf7 {[%clk 00:06:13]} {[%emt 00:09:54]} Rc2 {[%clk 00:22:06]} {[%emt
00:00:08]} 54. Rd7+ {[%clk 00:03:09]} {[%emt 00:03:34]} Kc3 {[%clk 00:22:18]}
{[%emt 00:00:18]} 55. Rc7+ {[%clk 00:03:10]} {[%emt 00:00:30]} Kb2 {[%clk
00:22:35]} {[%emt 00:00:13]} 56. Rc4 {[%clk 00:01:30]} {[%emt 00:02:11]} Rc3+
{[%clk 00:22:57]} {[%emt 00:00:07]} 57. Kh4 {[%clk 00:01:14]} {[%emt 00:00:47]}
Kxa2 {[%clk 00:23:18]} {[%emt 00:00:08]} 58. Re4 {[%clk 00:00:59]} {[%emt
00:00:46]} Kxb3 {[%clk 00:23:37]} {[%emt 00:00:11]} 59. g4 {[%clk 00:01:20]}
{[%emt 00:00:09]} a4 {[%clk 00:23:52]} {[%emt 00:00:14]} 0-1

[Event "European Women's Chess Club Cup 2023"]
[Site "Durres, Albania"]
[Date "2023.10.05"]
[Round "5.5"]
[White "Song, Yuxin"]
[Black "Ushenina, Anna"]
[Result "1/2-1/2"]
[TimeControl "90' + 30' & 30\""]
[WhiteElo "2404"]
[BlackElo "2434"]

1. e4 {[%clk 01:30:57]} {[%emt 00:00:02]} c5 {[%clk 01:30:35]} {[%emt
00:00:26]} 2. Nf3 {[%clk 01:31:16]} {[%emt 00:00:10]} Nc6 {[%clk 01:30:36]}
{[%emt 00:00:29]} 3. Bb5 {[%clk 01:31:21]} {[%emt 00:00:25]} g6 {[%clk
01:30:36]} {[%emt 00:00:31]} 4. Bxc6 {[%clk 01:31:42]} {[%emt 00:00:08]} bxc6
{[%clk 01:30:53]} {[%emt 00:00:14]} 5. O-O {[%clk 01:31:13]} {[%emt 00:00:59]}
Bg7 {[%clk 01:31:17]} {[%emt 00:00:06]} 6. Re1 {[%clk 01:30:50]} {[%emt
00:00:53]} Qc7 {[%clk 01:31:01]} {[%emt 00:00:46]} 7. h3 {[%clk 01:23:59]}
{[%emt 00:07:20]} d6 {[%clk 01:27:31]} {[%emt 00:04:01]} 8. c3 {[%clk
01:17:51]} {[%emt 00:06:37]} Nf6 {[%clk 01:26:48]} {[%emt 00:01:13]} 9. d4
{[%clk 01:14:34]} {[%emt 00:03:47]} cxd4 {[%clk 01:26:58]} {[%emt 00:00:20]} 10.
cxd4 {[%clk 01:14:33]} {[%emt 00:00:31]} O-O {[%clk 01:26:55]} {[%emt
00:00:33]} 11. Nc3 {[%clk 01:13:54]} {[%emt 00:01:09]} c5 {[%clk 01:26:08]}
{[%emt 00:01:17]} 12. e5 {[%clk 01:05:45]} {[%emt 00:08:39]} dxe5 {[%clk
01:26:17]} {[%emt 00:00:21]} 13. dxe5 {[%clk 01:05:56]} {[%emt 00:00:18]} Rd8
{[%clk 01:24:34]} {[%emt 00:02:14]} 14. Qa4 {[%clk 01:01:30]} {[%emt 00:04:56]}
Nh5 {[%clk 01:18:19]} {[%emt 00:06:45]} 15. Qc4 {[%clk 00:43:10]} {[%emt
00:18:50]} Bb7 {[%clk 00:32:57]} {[%emt 00:45:52]} 16. Ne4 {[%clk 00:32:34]}
{[%emt 00:11:05]} Bxe5 {[%clk 00:13:33]} {[%emt 00:19:54]} 17. Qxc5 {[%clk
00:32:53]} {[%emt 00:00:12]} Bxe4 {[%clk 00:06:59]} {[%emt 00:07:04]} 18. Qxc7
{[%clk 00:29:58]} {[%emt 00:03:25]} Bxc7 {[%clk 00:07:26]} {[%emt 00:00:02]} 19.
Rxe4 {[%clk 00:30:27]} Rd1+ {[%clk 00:07:02]} {[%emt 00:00:54]} 20. Re1 {[%clk
00:30:56]} {[%emt 00:00:01]} Rxe1+ {[%clk 00:07:19]} {[%emt 00:00:14]} 21. Nxe1
{[%clk 00:31:25]} {[%emt 00:00:01]} Rb8 {[%clk 00:03:53]} {[%emt 00:03:56]} 22.
b3 {[%clk 00:29:37]} {[%emt 00:02:17]} Nf6 {[%clk 00:01:05]} {[%emt 00:03:18]}
23. Be3 {[%clk 00:25:04]} {[%emt 00:05:03]} Bb6 {[%clk 00:01:34]} {[%emt
00:00:02]} 24. Bxb6 {[%clk 00:24:14]} {[%emt 00:01:20]} Rxb6 {[%clk 00:02:03]}
25. Rc1 {[%clk 00:24:40]} {[%emt 00:00:03]} Ra6 {[%clk 00:00:48]} {[%emt
00:01:46]} 26. Rc2 {[%clk 00:24:39]} {[%emt 00:00:30]} Nd5 {[%clk 00:01:05]}
{[%emt 00:00:13]} 27. Nd3 {[%clk 00:24:45]} {[%emt 00:00:24]} f6 {[%clk
00:01:10]} {[%emt 00:00:26]} 28. f4 {[%clk 00:24:36]} {[%emt 00:00:39]} Kf7
{[%clk 00:01:30]} {[%emt 00:00:10]} 29. Kf2 {[%clk 00:24:39]} {[%emt 00:00:26]}
h5 {[%clk 00:01:18]} {[%emt 00:00:43]} 30. g3 {[%clk 00:22:25]} {[%emt
00:02:43]} Rd6 {[%clk 00:00:38]} {[%emt 00:01:10]} 31. Kf3 {[%clk 00:22:22]}
{[%emt 00:00:33]} Re6 {[%clk 00:00:59]} {[%emt 00:00:10]} 32. Re2 {[%clk
00:17:40]} {[%emt 00:05:12]} Rc6 {[%clk 00:00:42]} {[%emt 00:00:46]} 33. Rd2
{[%clk 00:17:35]} {[%emt 00:00:34]} e6 {[%clk 00:00:36]} {[%emt 00:00:38]} 34.
g4 {[%clk 00:17:31]} {[%emt 00:00:33]} hxg4+ {[%clk 00:01:00]} {[%emt
00:00:06]} 35. hxg4 {[%clk 00:18:00]} {[%emt 00:00:01]} a5 {[%clk 00:00:51]}
{[%emt 00:00:40]} 36. Ke4 {[%clk 00:12:04]} {[%emt 00:06:25]} Nc3+ {[%clk
00:01:08]} {[%emt 00:00:13]} 37. Ke3 {[%clk 00:10:38]} {[%emt 00:01:56]} Nd5+
{[%clk 00:01:26]} {[%emt 00:00:12]} 38. Ke4 {[%clk 00:11:06]} {[%emt 00:00:02]}
Nc3+ {[%clk 00:01:48]} {[%emt 00:00:08]} 39. Ke3 {[%clk 00:11:35]} {[%emt
00:00:01]} Nd5+ {[%clk 00:02:04]} {[%emt 00:00:14]} 40. Ke4 1/2-1/2